Online katalóg knižníc regiónu Turca

Okrídlené semä (Record no. 21029)

MARC details
000 -LEADER
fixed length control field 02096cam a2200565 a 4500
001 - CONTROL NUMBER
control field 21029
003 - CONTROL NUMBER IDENTIFIER
control field VRT
005 - DATE AND TIME OF LATEST TRANSACTION
control field 20260210154540.0
008 - FIXED-LENGTH DATA ELEMENTS--GENERAL INFORMATION
fixed length control field 230403s1952 xo 000 1 slo
015 ## - NATIONAL BIBLIOGRAPHY NUMBER
National bibliography number SNBA19451955-009760
020 ## - INTERNATIONAL STANDARD BOOK NUMBER
Qualifying information (viazané)
035 ## - SYSTEM CONTROL NUMBER
System control number SK01SNKBKSFS20010084785
035 ## - SYSTEM CONTROL NUMBER
System control number urn:nbn:sk:snk-am3icwn
035 ## - SYSTEM CONTROL NUMBER
System control number urn:nbn:sk:snk-am00e3t1
035 ## - SYSTEM CONTROL NUMBER
System control number 76BC7950-318A-481E-A2CD-5E396B7E42EE
035 ## - SYSTEM CONTROL NUMBER
System control number SKM000087248
039 #9 - LEVEL OF BIBLIOGRAPHIC CONTROL AND CODING DETAIL [OBSOLETE]
Level of rules in bibliographic description 202304032057
Level of effort used to assign nonsubject heading access points VLOAD
Level of effort used to assign subject headings 202212050957
Level of effort used to assign classification VLOAD
Level of effort used to assign subject headings 202205120833
Level of effort used to assign classification VLOAD
Level of effort used to assign subject headings 202106231936
Level of effort used to assign classification VLOAD
040 ## - CATALOGING SOURCE
Original cataloging agency SNK
Language of cataloging slo
Transcribing agency SNK
Description conventions AACR2
041 1# - LANGUAGE CODE
Language code of text/sound track or separate title slo
Language code of original eng
044 ## - COUNTRY OF PUBLISHING/PRODUCING ENTITY CODE
MARC country code xo
ISO country code SK
072 #7 - SUBJECT CATEGORY CODE
Subject category code 821.111-3
Subject category code subdivision Anglická próza, anglicky písaná
Source konspekt
080 ## - UNIVERSAL DECIMAL CLASSIFICATION NUMBER
Universal Decimal Classification number 820-3
Edition identifier 1981
080 ## - UNIVERSAL DECIMAL CLASSIFICATION NUMBER
Universal Decimal Classification number 622
Edition identifier 2011
080 ## - UNIVERSAL DECIMAL CLASSIFICATION NUMBER
Universal Decimal Classification number 821.111(94)-31
Edition identifier 2011
080 ## - UNIVERSAL DECIMAL CLASSIFICATION NUMBER
Universal Decimal Classification number (0:82-311.3)
Edition identifier 2011
100 1# - MAIN ENTRY--PERSONAL NAME
Personal name Prichard, Katharine Susannah,
Dates associated with a name 1883-1969
Relationship aut
240 10 - UNIFORM TITLE
Uniform title Winged Seeds
Language of a work Slovensky
245 10 - TITLE STATEMENT
Title Okrídlené semä
Number of part/section of a work [3. diel]
Statement of responsibility, etc. Katharine S. Prichardová ; [z anglického originálu preložila Ada Kuzmány-Bruothová]
250 ## - EDITION STATEMENT
Edition statement 1. vydanie
260 ## - PUBLICATION, DISTRIBUTION, ETC.
Place of publication, distribution, etc. [Turčiansky Sv. Martin]
Name of publisher, distributor, etc. Matica slovenská
Date of publication, distribution, etc. 1952
300 ## - PHYSICAL DESCRIPTION
Extent 383 strán
Dimensions 20 cm
366 ## - TRADE AVAILABILITY INFORMATION
Note 5500 kusov
500 ## - GENERAL NOTE
General note Frontispice ; poznámky pod čiarou ; preložené z angličtiny
500 ## - GENERAL NOTE
General note Údaj o treťom diele prebratý z prebalu knihy
500 ## - GENERAL NOTE
General note Pravdepodobné miesto vydania podľa vydavateľa
650 07 - SUBJECT ADDED ENTRY--TOPICAL TERM
Topical term or geographic name entry element baníctvo
Source of heading or term SNKPH
655 #7 - INDEX TERM--GENRE/FORM
Genre/form data or focus term austrálske romány
Source of term SNKPH
655 #7 - INDEX TERM--GENRE/FORM
Genre/form data or focus term dobrodružné romány
Source of term SNKPH
655 #7 - INDEX TERM--GENRE/FORM
Genre/form data or focus term Australian fiction
Source of term SNKPHeng
655 #7 - INDEX TERM--GENRE/FORM
Genre/form data or focus term Adventure novels
Source of term SNKPHeng
700 1# - ADDED ENTRY--PERSONAL NAME
Personal name Bruothová, Adriena,
Dates associated with a name 1905-1983
Relationship trl
700 1# - ADDED ENTRY--PERSONAL NAME
Personal name Klapper, Osvald,
Dates associated with a name 1930-2010
Relationship bjd
-- ill
910 ## - USER-OPTION DATA (OCLC)
User-option data snk
942 ## - ADDED ENTRY ELEMENTS (KOHA)
Source of classification or shelving scheme Dewey Decimal Classification
Koha item type Krásna literatúra pre dospelých
Suppress in OPAC No
949 ## - LOCAL PROCESSING INFORMATION (OCLC)
6 17A0515101
a snkSC 4762/3 D1
b snkF 6049/62
949 ## - LOCAL PROCESSING INFORMATION (OCLC)
6 17A0767824
a snkSC 4762/3
b snk5640/52
o I.671/52 - ev. č.
s 6100:20190215
949 ## - LOCAL PROCESSING INFORMATION (OCLC)
6 273K0222527
a svkpoA 56793/III
b svkpo131610
949 ## - LOCAL PROCESSING INFORMATION (OCLC)
6 270001000638451
a svkbbS 37751
b svkbbm 39821
Holdings
Stav vyradenia Strata Poškodenie Spôsob nadobudnutia Domovská knižnica Aktuálna knižnica Dátum nadobudnutia Total checkouts Čiarový kód exemplára Date last seen Typ exemplára
      Dar Obecná knižnica Horná Štubňa Obecná knižnica Horná Štubňa 10.02.2026   4736201204 10.02.2026 Krásna literatúra pre dospelých
Projekt je podporený Slovenskou asociáciou knižníc
Prevádzkuje Turčianska knižnica Martin 2026